| 000 | 00867nam a2200265 i 4500 | ||
|---|---|---|---|
| 003 | DO-SdBNP | ||
| 005 | 20240705102909.0 | ||
| 007 | ta | ||
| 008 | 240705b1986 sp abd|| |||| 00| 0 spa d | ||
| 020 | _a8434582465 obra completa | ||
| 040 |
_aDO-SdBNP _bspa _cBNPHU _erda |
||
| 082 | 4 | _222 | |
| 100 | 1 |
_aGribbin, John, _eautor _985966 |
|
| 245 | 1 | 0 |
_aGénesis : _blos orígenes del hombre y del universo / _cJohn Gribbin |
| 264 |
_aEspaña : _bSalvat, _c1986. |
||
| 300 |
_a345 páginas : _bilustraciones, mapas y gráficos ; _c19 cm. |
||
| 336 |
_2rdacontent _atexto _btxt |
||
| 337 |
_2rdamedia _asin mediación _bn |
||
| 338 |
_2rdacarrier _avolumen _bnc |
||
| 490 |
_aBiblioteca Científica Salvat _v48 |
||
| 500 | _aIncluye referencias bibliográficas y notas al pie de las páginas | ||
| 590 | _aInventariado, 2024/BT | ||
| 910 | _aBtavárez | ||
| 942 |
_2ddc _cLBS1 |
||
| 999 |
_c57183 _d57183 |
||